00768nam a2200193 i 4500001000300000100001500003245016300018260003800181300003300219490005300252504003200305700002400337830004700361040000800408041000800416080001100424008004100435856009800476bg1 aGOLEC, Jan 0aZginanie oraz jednoczesne zginanie i ściskanie lub rozciąganie ram złożonych z prętów o zmiennych sztywnościach /cJan Golec, Barbara Czajkowska. aLublin :bPolit. Lubelska,c1982. as. 104, nlb. 3 :brys., tab.1 aPrace Inst. Inż. Bud. i Sanit. Seria A ;vNr 5 a[Zawiera bibliogr. s. 105].1 aCZAJKOWSKA, Barbara aPrace Inst. Inż. Bud. i Sanit. Seria A ; cBPK apol a624.07 s pl f |000 0 pol  uhttp://koha.tu.koszalin.pl/cgi-bin/koha/opac-detail.pl?biblionumber=20889yKatalog online BPK